| 000 | 02716nam a22004337a 4500 | ||
|---|---|---|---|
| 003 | dpl | ||
| 005 | 20100303152515.0 | ||
| 008 | 080911t xxu||||| |||| 00| 0 eng d | ||
| 010 | _aDVD-005819-5824 | ||
| 024 |
_2EHV1046 _c199.00 |
||
| 035 | _aDVD-005819-5824 | ||
| 040 |
_aDPL _cDPL |
||
| 082 | _aDVD / CORP | ||
| 245 |
_aCorporate: Paise Power Politics _cSahara One Motion Pictures Presents _h[videorecording] (DVD)/ |
||
| 250 | _a2-Disc Collector's Edition | ||
| 260 |
_aMumbai _bExcel Home Video |
||
| 300 |
_a2 videodiscs DVD; _bsd., col.; _c4 3/4 in. _fDVD |
||
| 440 | _aExcel Home Video | ||
| 500 | _aSole Distributor in India M/s Excel Productions Audio Visuals Pvt. Ltd. | ||
| 500 | _aDisc-1: Audio Comentary by Director, Associate Director& Cimentographer, Bonus Song Melody | ||
| 500 | _aDisc-2: Making of Corporate, Photo Gallery, Deleted Scenes, Television Coverage/Marketing, Theatrical Promos, India Games | ||
| 538 | _aDolby Digital 5.1- Hindi Subtitle English | ||
| 538 | _aAspect Ratio:1.33.1, Presentation Type: Full Screne, Presentation Size 4x3, Formation: DVD 9- Dual Layer Single sided Disc, | ||
| 650 | _2Motion Picture | ||
| 700 | _aBhandarkar, Madhur | ||
| 700 | _aBasu, Bipasa | ||
| 700 | _aMaenon, Kay Kay | ||
| 700 | _aBabbar, Raj | ||
| 700 | _aChaya, Karsh | ||
| 700 | _aKapoor, Rajat | ||
| 942 |
_2ddc _cCF _hDVD _mCORP |
||
| 999 |
_c34358 _d34358 |
||